States of Brazil - Statistics

General Stats
  • This quiz has been taken 6 times
  • The average score is 21 of 27
Answer Stats
Hint Answer % Correct
States Acre
100%
States Amazonas
100%
States Espírito Santo
100%
States Mato Grosso
100%
States Mato Grosso do Sul
100%
States Pará
100%
States Rio de Janeiro
100%
States São Paulo
100%
States Sergipe
100%
States Amapá
83%
States Bahia
83%
States Paraná
83%
States Piauí
83%
States Rio Grande do Sul
83%
States Santa Catarina
83%
States Ceará
67%
States Goiás
67%
States Maranhão
67%
States Minas Gerais
67%
States Rio Grande do Norte
67%
States Rondônia
67%
States Roraima
67%
States Tocantins
67%
States Alagoas
50%
States Paraíba
50%
States Pernambuco
50%
Federal District Distrito Capital
0%
No matching quizzes found
Score Distribution
Percent of People with Each Score
Percentile by Number Answered
Your Score History
You have not taken this quiz